| 000 | 00954nam a2200241Ia 4500 | ||
|---|---|---|---|
| 003 | GCL | ||
| 008 | 140319s9999 xx 000 0 ara d | ||
| 040 |
_aGCL / _cGCL |
||
| 082 | 0 | 4 |
_a923.1 _bع ر |
| 100 | 1 | _aعمر صالح العمرى | |
| 245 | 1 | 0 |
_aرانيا العبدالله الملكة الانسانة : _bرائدة العمل الانسانى والاجتماعى / _cعمر صالح العمرى |
| 250 | _aالاولى | ||
| 260 |
_aالاردن : _bمنشورات امانة عمان الكبرى ، _c2005 |
||
| 300 |
_a182 ص ؛ _c24 سم |
||
| 650 | 0 | 4 | _aالجمعيات الاهلية |
| 650 | 0 | 4 | _aالملكات - تراجم |
| 650 | 0 | 4 | _aالملكات - الحياة السياسية |
| 650 | 0 | 4 | _aالملكات - الحياة الاجتماعية |
| 650 | 0 | 4 | _aالملكات - الحياة الثقافية |
| 650 | 0 | 4 | _aرانيا العبدالله |
| 650 | 0 | 4 | _aالعمل الاجتماعى |
| 942 |
_2ddc _cBK |
||
| 999 |
_c8397 _d8397 |
||